Evidence-based medicine :a paradigm ready to be challenged

Uloženo v:
Podrobná bibliografie
Hlavní autor: SCHULTE, Marie- caroline
Médium: Kniha
Jazyk:angličtina
Vydáno: J.B. Metzler 2017
Tagy: Přidat tag
Žádné tagy, Buďte první, kdo vytvoří štítek k tomuto záznamu!

MARC

LEADER 00000nam a22000007a 4500
008 240326b |||||||| |||| 00| 0 eng d
020 |a 9783476057020 
100 |a SCHULTE, Marie- caroline 
245 |a Evidence-based medicine  |b :a paradigm ready to be challenged  |c Marie-caroline Schulte  |g vii,148p 
260 |b J.B. Metzler  |c 2017  |h Berlin, Germany  |i 700674  |i 700675  |l R850.Sch8  |m Medicine- Research 
942 |a lcc  |c BK  |e Adeyemo O.O.  |f 26/03/2024 
952 |0 0  |1 0  |2 lcc  |4 0  |6 R0850 S C H8  |7 0  |9 5008  |a ML  |b HOL  |c QZ  |d 2024-03-26  |l 0  |o R850.Sch8  |p 2024-0260  |r 2024-03-26 00:00:00  |t 700764  |w 2024-03-26  |y BK 
952 |0 0  |1 0  |2 lcc  |4 0  |6 R0850 S C H8  |7 0  |9 5009  |a HOL  |b HOL  |c QZ  |d 2024-03-26  |l 0  |o R850.Sch8  |p 2024-0259  |r 2024-03-26 00:00:00  |t 700765  |w 2024-03-26  |y BK 
999 |c 2485  |d 2485